[Event "IMSA Blitz Men 2019"]
[Site "Hengshui"]
[Date "2019.05.17"]
[Round "3.2"]
[White "Bu, Xiangzhi"]
[Black "Rapport, Richard"]
[Result "0-1"]
[WhiteElo "2729"]
[BlackElo "2736"]
[Annotator "TA"]
[PlyCount "112"]
[EventDate "2019.05.17"]
[EventType "blitz"]
[EventCountry "CHN"]
[SourceTitle "playchess.com"]
[Source "ChessBase"]
[SourceQuality "1"]

{[%evp 23,112,27,37,23,43,41,48,32,30,14,43,18,33,10,20,9,8,0,14,0,17,0,44,30,36,44,46,0,6,5,10,11,38,54,97,93,220,212,214,235,226,238,220,33,7,-38,-25,-39,-33,-86,-95,-143,-140,-379,-376,-370,-364,-395,-394,-498,-115,-121,0,-803,0,-108,0,0,0,-107,-88,-99,-74,-398,-403,-406,-406,-395,-348,-654,-593,-814,-813,-787,-762,-29991,-29992,-29993,-29994,-29997,-29998]} 1. Nf3 Nf6 2. c4 b6 3. g3 Bb7 4. Bg2 e6 5. O-O Be7 6. Nc3 O-O 7. Re1 Ne4 8. Nxe4 Bxe4 9. d3 Bb7 10. e4 c5 11. d4 cxd4 12. Nxd4 Nc6 13. Nb5 {A17: English Opening: 1...Nf6 with ...Bb4} (13. Be3 Nxd4 14. Bxd4 Qc7 15. Rc1 Bc6 16. Qg4 f6 17. e5 Bxg2 18. exf6 Bxf6 19. Kxg2 Qc6+ 20. Kg1 Qa4 21. a3 Rac8 {½-½ (21) Matlakov,M (2668)-Lysyj,I (2632) St Petersburg 2012}) 13... Ne5 14. b3 f6 $146 ({Predecessor:} 14... Qb8 15. f4 a6 16. Nc3 Nc6 17. Bb2 d6 18. Nd5 Qd8 19. Nxe7+ Nxe7 20. Qd4 f6 {1-0 (39) Ortmann,D (2270)-Zwanzger,J (2287) Werfen Essen 2002}) 15. Bb2 {White is slightly better.} a6 16. Nc3 Qc7 17. Qe2 Bc6 18. a4 Bb4 19. Rac1 {[%cal Ba1c1,Bc1c2,Bc2d2][%mdl 32]} Bb7 20. Red1 Rad8 21. h3 Qb8 22. Kh2 Nf7 23. Rc2 Bc6 24. Na2 Be7 25. Rcd2 b5 26. cxb5 axb5 27. a5 $36 {[%mdl 2048] White is more active.} b4 28. Bd4 $1 Qa8 29. Bb6 $1 Rc8 (29... Rde8 $16) 30. Rxd7 $18 Bxd7 31. Rxd7 Bc5 32. e5 $1 Qb8 33. Bxc5 $2 (33. exf6 $18 Bxb6 34. Rb7 (34. axb6 Qxb6 35. fxg7 Kxg7 $16)) 33... Rxc5 $14 {[%cal Bc8c5,Bc5e5,Be5a5][%mdl 32]} 34. a6 Qc8 $1 {[%cal Rc8d7]} ({Not} 34... Nxe5 35. a7 $18) 35. Rd2 {Strongly threatening exf6.} Rxe5 36. Qf1 {[#]} (36. Qd3 $15) 36... Ra5 $1 $17 37. Nxb4 {Threatening Rc2.} Qc3 $1 {[%csl LRb3,LRb4,LRd2][%mdl 64] Double Attack} 38. Nc6 $2 (38. Ra2 $17 {is the only way for White.} Qxb4 39. Qa1) 38... Qxd2 $19 39. Nxa5 Qxa5 40. Qc4 Qb6 41. f4 Nd8 $2 (41... Rd8 $19 {is more deadly.} 42. Qc6 Qf2) 42. Qa4 $17 {White wants to play a7.} Rf7 {aiming for ...g6.} 43. Qe8+ Rf8 44. Qa4 Rf7 {...g6 is the strong threat.} 45. Qe8+ Rf8 46. Qa4 {[#] a7 would now be nice for White.} Qa7 $1 47. b4 Nf7 {Threatens to win with ...Rb8.} 48. Qc6 $2 {[%mdl 8192]} (48. b5 $17) 48... Rb8 $19 49. Qxe6 Kf8 50. Qc4 {and if Qc5+ works, White does fine.} Nd6 51. Qc6 $2 (51. Qe6 Qxa6 52. Bd5) 51... Ke7 52. b5 Rxb5 53. Qc2 Qxa6 54. Qxh7 {[#]} Rb2 $1 {Black mates.} 55. Qxg7+ Nf7 56. Qg6 Qc6 {Accuracy: White = 29%, Black = 52%.} 0-1

[Event "IMSA Blitz Men 2019"]
[Site "Hengshui"]
[Date "2019.05.17"]
[Round "3.2"]
[White "Vidit, Santosh Gujrathi"]
[Black "Andreikin, Dmitry"]
[Result "1/2-1/2"]
[WhiteElo "2707"]
[BlackElo "2722"]
[Annotator "TA"]
[PlyCount "188"]
[EventDate "2019.05.17"]
[EventType "blitz"]
[EventCountry "CHN"]
[SourceTitle "playchess.com"]
[Source "ChessBase"]
[SourceQuality "1"]

{[%evp 12,188,10,10,22,31,31,19,16,11,53,53,54,54,62,51,56,51,42,33,52,33,29,38,17,0,0,0,46,35,39,29,72,52,65,0,0,0,0,0,0,0,0,0,0,0,0,5,14,0,0,-21,-15,-12,-40,-218,-59,-120,-36,-40,0,0,0,0,0,0,0,0,0,0,0,0,0,0,0,0,8,8,11,8,129,0,11,8,600,0,0,0,0,0,0,0,0,0,0,0,0,0,0,0,0,0,0,0,0,0,0,0,0,0,0,0,0,0,7,0,0,0,0,0,0,0,0,0,7,0,7,0,0,0,0,0,0,0,0,0,7,7,7,0,0,0,7,0,0,0,0,0,0,0,0,0,0,0,0,0,0,0,0,0,120,0,0,0,0,0,0,0,0,0,0,0,0,0,0,0,0,0,0]} 1. d4 Nf6 2. c4 e6 3. Nf3 b6 4. g3 Bb7 5. Bg2 Be7 6. O-O O-O 7. Re1 c6 {E17: Queen's Indian: 4 g3 Bb7 5 Bg2 Be7} 8. Nfd2 d5 9. Nc3 b5 10. c5 $146 ({Predecessor:} 10. cxb5 cxb5 11. Nxb5 Qb6 12. Nc3 Qxd4 13. e4 Na6 14. exd5 Nxd5 15. Nxd5 Bxd5 {½-½ (30) Lenderman,A (2637)-Andreikin,D (2725) Astana 2019}) 10... b4 (10... e5 $5 {[%cal Re5d4]}) 11. Na4 Nbd7 12. e4 dxe4 13. Nxe4 Nxe4 14. Bxe4 Nf6 15. Bc2 Nd5 16. Qd3 {[%csl Gc2][%cal Rd3h7]} g6 17. Bh6 Re8 18. h4 Bf6 19. Rad1 a5 20. Bb3 Ba6 21. Qf3 Bg7 22. Bxg7 Kxg7 23. Bxd5 (23. h5 $14) 23... exd5 $11 24. Re3 Ra7 {[%cal Ba8a7,Ba7e7,Be7e4][%mdl 32]} 25. Rde1 $1 Rae7 26. Qf4 Bd3 27. Nb6 Re4 28. Qd6 Qf6 29. Qxf6+ Kxf6 30. Nd7+ Kg7 31. Ne5 Bb5 32. Rxe4 dxe4 {[%mdl 4096] Endgame KRB-KRN} 33. Rd1 $2 (33. b3 $1 $15) 33... Rd8 $2 (33... f6 $19 34. Nd7 e3 35. fxe3 Rxe3) 34. Rd2 (34. b3 $15) 34... h5 (34... f6 $17 35. Ng4 Bd3) 35. b3 $15 f6 (35... Kf6 {looks sharper.} 36. Kg2 Ke6 37. g4 hxg4 38. Kg3 Rf8) 36. Nc4 Bxc4 37. bxc4 $11 {KR-KR} a4 38. Kf1 b3 39. axb3 axb3 40. Ke2 b2 41. Rxb2 Rxd4 42. Rb7+ Kh6 43. Rb6 Rxc4 44. Rxc6 f5 45. Rc7 Rc2+ (45... Rc3 $1 $11) 46. Kf1 (46. Ke3 $16) 46... Rc3 47. c6 e3 $2 {[%mdl 8192] [#]} (47... g5 $11) 48. fxe3 $2 (48. f4 $1 $18) 48... Rxe3 49. Kf2 Rc3 50. Kg2 g5 51. hxg5+ Kxg5 52. Rc8 {Strongly threatening c7.} Kg6 53. c7 Kg7 54. Kf2 Kh7 55. Ke2 Kg7 56. Kd2 Rc6 57. Ke3 Rc4 58. Kd3 Rc6 59. Kd4 Rc1 60. Ke5 Rc3 61. Kxf5 {Ke6 is the strong threat.} Rc5+ 62. Kf4 Rc4+ 63. Ke5 Rc1 64. Kd5 (64. g4 $5 h4 65. Kf4 $11) 64... Rc2 65. Ke4 Rc1 66. Kf3 (66. g4 $5 {[%cal Rg4h5]} h4 67. Kf4 $11) 66... Rc3+ 67. Kf4 Rc4+ 68. Kf5 (68. Kg5 $5 {[%cal Rg5h5]} Rc5+ 69. Kf4 $18) 68... Rc1 69. Ke6 Rc2 70. Kd7 Rd2+ $1 71. Kc6 Rc2+ 72. Kd6 Rd2+ $1 73. Ke6 Re2+ 74. Kf5 {White wants to mate with Rg8+!} Rc2 75. Ke5 Rc1 76. Kf4 Rc4+ 77. Kf3 Rc3+ 78. Kg2 {Black must now prevent Kf2.} Rc2+ 79. Kh3 Rc4 80. Kg2 Rc3 81. Kf2 {Threatens to win with Ke2.} Rc2+ 82. Ke3 Rc3+ 83. Kd4 Rc1 84. Ke5 {And now Ke6 would win.} Rc2 85. Kf5 {Hoping for Ke6.} Rc3 {[#]} (85... Rc5+ $11 {keeps the balance.} 86. Ke6 Rc3) 86. Ke6 (86. Kg5 $1 $16 {[%cal Rg5h5]} Rc5+ 87. Kf4) 86... Rc1 {The position is equal.} 87. Kd5 {aiming for Kd6.} Rd1+ 88. Kc6 Rc1+ 89. Kd7 Rd1+ $1 90. Ke7 {Intending Rg8+! and mate.} Re1+ 91. Kd6 Rd1+ 92. Ke7 {Rg8+! would kill now.} Re1+ 93. Kd6 Rd1+ 94. Ke7 {White threatens Rg8+! and mate.} Re1+ {Accuracy: White = 57%, Black = 62%.} 1/2-1/2

[Event "IMSA Blitz Men 2019"]
[Site "Hengshui"]
[Date "2019.05.17"]
[Round "3.2"]
[White "Le, Quang Liem"]
[Black "Mamedov, Rauf"]
[Result "1-0"]
[WhiteElo "2704"]
[BlackElo "2650"]
[Annotator "TA"]
[PlyCount "77"]
[EventDate "2019.05.17"]
[EventType "blitz"]
[EventCountry "CHN"]
[SourceTitle "playchess.com"]
[Source "ChessBase"]
[SourceQuality "1"]

{[%evp 24,77,34,53,33,41,45,45,38,32,64,81,73,80,79,79,79,75,86,73,86,33,163,155,142,41,42,42,35,37,56,41,56,50,294,307,304,304,292,285,518,500,530,529,549,530,977,931,1099,1131,1639,1577,29981,29982,29980,29981]} 1. e4 c5 2. Nf3 d6 3. d4 Nf6 $146 ({Predecessor:} 3... cxd4 4. Nxd4 Nf6 {1-0 (32) Durarbayli,V (2600)-Pham,C (2357) Ho Chi Minh City 2016}) 4. Nc3 cxd4 5. Nxd4 g6 6. Be3 Bg7 7. f3 Nc6 8. Qd2 O-O 9. Bc4 Bd7 10. O-O-O Rc8 11. Bb3 Nxd4 12. Bxd4 b5 13. Nd5 Nxd5 {B78: Sicilian Dragon: Yugoslav Attack, 9 Bc4 Bd7 10 0-0-0 Rc8} 14. Bxg7 Kxg7 15. exd5 a5 {And now ...a4 would win.White is slightly better.} 16. a3 b4 17. axb4 axb4 18. Qxb4 Kg8 {[#]} 19. Rhe1 $1 Re8 20. Re3 Rb8 21. Qc3 Qb6 {[#]} 22. Bc4 ({White should try} 22. Qd4 $1 $16) 22... Rec8 (22... Ra8 $14) 23. b3 Bb5 24. Re4 (24. Rxe7 $16 {aiming for Qf6.} Bxc4 25. bxc4) 24... Qf2 25. Qd2 Qa7 {[%cal Ra7a1]} 26. Qd4 Qa3+ 27. Kd2 Bxc4 28. bxc4 Rb4 $2 (28... Qb4+ $14 29. Qc3 Qb7) 29. Ra1 $18 Qb2 30. Qxb2 Rxb2 {[%mdl 4096] Endgame KRR-KRR} 31. Ra7 Rb4 $2 (31... e5 {was called for.} 32. dxe6 fxe6 33. Rxe6 Rb4) 32. Kc3 Rb1 33. Rexe7 Rf8 34. Red7 Rg1 35. Rxd6 Rxg2 36. c5 {[%cal Bc4c5,Bc5c6,Bc6c7][%mdl 32]} Rxh2 37. c6 Rf2 38. c7 Rxf3+ 39. Kb4 {Accuracy: White = 75%, Black = 33%.} 1-0

[Event "IMSA Blitz Men 2019"]
[Site "Hengshui"]
[Date "2019.05.17"]
[Round "3.2"]
[White "Jones, Gawain C B"]
[Black "Korobov, Anton"]
[Result "0-1"]
[WhiteElo "2702"]
[BlackElo "2687"]
[Annotator "ChessBase"]
[PlyCount "138"]
[EventDate "2019.05.17"]
[EventType "blitz"]
[EventCountry "CHN"]
[SourceTitle "playchess.com"]
[Source "ChessBase"]
[SourceQuality "1"]
[TimeControl "180+2"]

1. e4 {[%emt 0:00:00]} c5 {[%emt 0:00:00]} 2. Nf3 {[%emt 0:00:01]} d6 {[%emt 0:00:00]} 3. Bb5+ {[%emt 0:00:00]} Bd7 {[%emt 0:00:01]} 4. Bxd7+ {[%emt 0:00:03]} Nxd7 {[%emt 0:00:02]} 5. O-O {[%emt 0:00:03]} Ngf6 {[%emt 0:00:01]} 6. Qe2 {[%emt 0:00:01]} Qc7 {[%emt 0:00:01]} 7. b3 {[%emt 0:00:06]} e5 {[%emt 0:00:20]} 8. d3 {[%emt 0:00:14]} Be7 {[%emt 0:00:09]} 9. Bg5 {[%emt 0:00:08]} h6 {[%emt 0:00:10]} 10. Bxf6 {[%emt 0:00:02]} Nxf6 {[%emt 0:00:02]} 11. c4 {[%emt 0:00:03]} O-O {[%emt 0:00:08]} 12. Nc3 {[%emt 0:00:01]} Qd7 {[%emt 0:00:04]} 13. Ne1 {[%emt 0:00:08]} Bd8 {[%emt 0:00:03]} 14. Nc2 {[%emt 0:00:07]} Ba5 {[%emt 0:00:01]} 15. Nd1 {[%emt 0:00:07]} b5 {[%emt 0:00:13]} 16. Nce3 {[%emt 0:00:01]} g6 {[%emt 0:00:05]} 17. f4 {[%emt 0:00:10]} exf4 {[%emt 0:00:08]} 18. Rxf4 {[%emt 0:00:02]} Qe6 {[%emt 0:00:17]} 19. Qb2 {[%emt 0:00:15]} Nd7 {[%emt 0:00:07]} 20. Ng4 {[%emt 0:00:13]} Ne5 {[%emt 0:00:36]} 21. Nxh6+ {[%emt 0:00:39]} Kh7 {[%emt 0:00:10]} 22. Rh4 {[%emt 0:00:04]} Bd8 {[%emt 0:00:13]} 23. Rh3 {[%emt 0:00:05]} Kg7 {[%emt 0:00:03]} 24. Ne3 {[%emt 0:00:08]} Bf6 {[%emt 0:00:03]} 25. Nef5+ {[%emt 0:00:41]} gxf5 {[%emt 0:00:03]} 26. Qf2 {[%emt 0:00:10]} Rh8 {[%emt 0:00:06]} 27. Nxf5+ {[%emt 0:00:13]} Kf8 {[%emt 0:00:01]} 28. Rxh8+ {[%emt 0:00:04]} Bxh8 {[%emt 0:00:00]} 29. Rf1 {[%emt 0:00:05]} bxc4 {[%emt 0:00:08]} 30. dxc4 {[%emt 0:00:01]} Ng6 {[%emt 0:00:04]} 31. Qd2 {[%emt 0:00:02]} Rd8 {[%emt 0:00:10]} 32. Qg5 {[%emt 0:00:01]} Bf6 {[%emt 0:00:10]} 33. Qh6+ {[%emt 0:00:00]} Kg8 {[%emt 0:00:03]} 34. Qe3 {[%emt 0:00:01]} Re8 {[%emt 0:00:06]} 35. Qg3 {[%emt 0:00:05]} Qxe4 {[%emt 0:00:05]} 36. Nxd6 {[%emt 0:00:01]} Qd4+ {[%emt 0:00:02]} 37. Kh1 {[%emt 0:00:01]} Re3 {[%emt 0:00:05]} 38. Nf5 {[%emt 0:00:02]} Rxg3 {[%emt 0:00:04]} 39. Nxd4 {[%emt 0:00:01]} Rd3 {[%emt 0:00:01]} 40. Nc6 {[%emt 0:00:03]} Bd4 {[%emt 0:00:03]} 41. Nxa7 {[%emt 0:00:01]} Rd2 {[%emt 0:00:01]} 42. a4 {[%emt 0:00:02]} Nf4 {[%emt 0:00:02]} 43. Nc6 {[%emt 0:00:03]} Nd3 {[%emt 0:00:01]} 44. Nxd4 {[%emt 0:00:05]} cxd4 {[%emt 0:00:02]} 45. h4 {[%emt 0:00:01]} Nb4 {[%emt 0:00:01]} 46. Kg1 {[%emt 0:00:03]} d3 {[%emt 0:00:00]} 47. Rf6 {[%emt 0:00:03]} Rb2 {[%emt 0:00:05]} 48. Rd6 {[%emt 0:00:01]} Rxb3 {[%emt 0:00:02]} 49. Kf2 {[%emt 0:00:02]} Rc3 {[%emt 0:00:01]} 50. a5 {[%emt 0:00:02]} Rxc4 {[%emt 0:00:02]} 51. a6 {[%emt 0:00:00]} Rc2+ {[%emt 0:00:01]} 52. Ke3 {[%emt 0:00:02]} Re2+ {[%emt 0:00:01]} 53. Kf3 {[%emt 0:00:00]} Ra2 {[%emt 0:00:01]} 54. Ke3 {[%emt 0:00:01]} Rxa6 {[%emt 0:00:02]} 55. Rxa6 {[%emt 0:00:02]} Nxa6 {[%emt 0:00:01]} 56. Kxd3 {[%emt 0:00:01]} Nc5+ {[%emt 0:00:02]} 57. Kd4 {[%emt 0:00:01]} Ne6+ {[%emt 0:00:00]} 58. Ke5 {[%emt 0:00:00]} Kg7 {[%emt 0:00:01]} 59. Kf5 {[%emt 0:00:03]} Nd4+ {[%emt 0:00:01]} 60. Ke4 {[%emt 0:00:02]} Ne6 {[%emt 0:00:03]} 61. Kf5 {[%emt 0:00:01]} Nc7 {[%emt 0:00:02]} 62. h5 {[%emt 0:00:05]} Nd5 {[%emt 0:00:03]} 63. g3 {[%emt 0:00:03]} Ne7+ {[%emt 0:00:03]} 64. Ke5 {[%emt 0:00:01]} Ng8 {[%emt 0:00:02]} 65. Kf5 {[%emt 0:00:01]} Kh6 {[%emt 0:00:02]} 66. g4 {[%emt 0:00:01]} f6 {[%emt 0:00:01]} 67. Kf4 {[%emt 0:00:09]} Ne7 {[%emt 0:00:01]} 68. Kg3 {[%emt 0:00:03]} Kg5 {[%emt 0:00:01]} 69. Kf3 Ng8 0-1

[Event "IMSA Blitz Men 2019"]
[Site "Hengshui"]
[Date "2019.05.17"]
[Round "3.2"]
[White "Ponomariov, Ruslan"]
[Black "Gelfand, Boris"]
[Result "1/2-1/2"]
[WhiteElo "2675"]
[BlackElo "2676"]
[Annotator "TA"]
[PlyCount "82"]
[EventDate "2019.05.17"]
[EventType "blitz"]
[EventCountry "CHN"]
[SourceTitle "playchess.com"]
[Source "ChessBase"]
[SourceQuality "1"]

{[%evp 20,82,30,9,17,11,19,0,10,0,0,0,0,0,0,0,18,-18,-6,-15,16,0,0,0,0,0,72,65,66,76,189,180,195,104,93,57,49,8,25,4,5,0,0,0,0,0,0,-37,0,0,0,0,0,0,0,0,0,0,0,0,0,0,0,0,0]} 1. e4 c5 2. Nf3 Nc6 3. d4 cxd4 4. Nxd4 Nf6 5. Nc3 e5 6. Ndb5 d6 7. Bg5 a6 8. Na3 b5 {[%cal Bb7b5,Bb5b4][%mdl 32]} 9. Nd5 Be7 10. Bxf6 Bxf6 11. c4 b4 {B33: Sicilian: Pelikan and Sveshnikov Variations} 12. Nc2 O-O 13. g3 Be6 14. h4 a5 15. Qd2 a4 16. Ndxb4 {[#]} Nxb4 $146 ({Predecessor:} 16... Qb6 17. a3 Na5 18. Rd1 Qb7 19. Ne3 {0-1 (42) Iordachescu,V (2583)-Yu,Y (2721) Baku 2015}) 17. Nxb4 Qb6 18. Be2 Rfb8 19. a3 Qb7 20. Qd3 Bd8 21. O-O Ba5 22. Qxd6 Qxe4 (22... Bxb4 $11 {remains equal.} 23. axb4 Qxb4 {[%mdl 64] Double Attack}) 23. Rfe1 Rd8 24. Bf1 Qb7 (24... Qxe1 $16 25. Qxd8+ Bxd8 26. Rxe1 Be7) 25. Qxe5 $18 {Black must now prevent Bg2.} Bxb4 26. axb4 ({White should try} 26. Bg2 $18 Qb8 27. axb4 Qxe5 28. Rxe5) 26... Qxb4 $16 27. Rec1 Rd2 28. c5 (28. Bg2 {is interesting.} Ra5 29. c5 g6 30. Rab1 Bf5 31. h5) 28... Qxb2 29. Qxb2 (29. Qe4 {is more complex.} Rc8 30. Qe3 g6 31. c6 Qd4 32. Bb5) 29... Rxb2 30. Rc3 Rb3 31. Rxb3 Bxb3 $11 {[%mdl 4096] Endgame KRB-KRB} 32. c6 $1 {[%cal Rc6c7] Threatens to win with c7.} Kf8 {With the idea ...Ke7.} 33. Bb5 (33. c7 {seems wilder.} Be6 34. Rb1 Re8 35. Rb8 Ke7 36. Bc4) 33... Rc8 (33... a3 {with more complications.} 34. c7 Be6 35. Bc6 Ra7 36. Bd5 Bc8) 34. Bxa4 {The position is equal.} Bxa4 35. Rxa4 Rxc6 {KR-KR} 36. Kg2 h5 37. Ra8+ Ke7 38. Ra7+ Kf8 39. Ra8+ Ke7 40. Ra7+ Kf8 41. Ra8+ Ke7 {Accuracy: White = 45%, Black = 58%.} 1/2-1/2

[Event "IMSA Blitz Men 2019"]
[Site "Hengshui"]
[Date "2019.05.17"]
[Round "3.2"]
[White "Cheparinov, Ivan"]
[Black "Yu, Yangyi"]
[Result "0-1"]
[WhiteElo "2667"]
[BlackElo "2739"]
[Annotator "TA"]
[PlyCount "102"]
[EventDate "2019.05.17"]
[EventType "blitz"]
[EventCountry "CHN"]
[SourceTitle "playchess.com"]
[Source "ChessBase"]
[SourceQuality "1"]

{[%evp 24,102,17,29,13,20,22,16,11,16,33,22,22,5,18,4,33,0,4,9,18,17,16,-77,0,0,26,0,9,0,0,0,0,-9,54,56,64,7,51,2,20,0,0,0,32,0,18,0,40,0,0,0,0,0,0,-60,17,0,0,-54,-52,-104,-89,-777,-770,-779,-745,-753,-745,-779,-779,-779,-779,-772,-772,-735,-245,-778,-727,-1072,-708]} 1. d4 Nf6 2. c4 e6 3. Nf3 d5 4. g3 Be7 5. Bg2 O-O 6. O-O dxc4 7. Qc2 a6 8. a4 Bd7 9. Qxc4 Bc6 10. Bg5 Nbd7 11. Nc3 h6 12. Bxf6 Nxf6 13. b4 Bd5 {E05: Open Catalan: 5 Nf3 Be7} 14. Nxd5 exd5 15. Qb3 c6 {The position is equal.} 16. e3 Bd6 17. Rfc1 Qb6 {[#]} 18. Rcb1 $146 ({Predecessor:} 18. Rab1 Ne4 19. Rc2 Nf6 20. Ne5 Qc7 21. Nd3 Rfc8 22. Rc3 Ne4 23. Bxe4 dxe4 24. Nc5 Qe7 25. Qc2 {½-½ (25) Boger,R (2623)-Figlio,G (2483) ICCF email 2008}) 18... Ne4 19. Ra2 Rfe8 20. Ne1 h5 21. Nd3 h4 {[%cal Rh4g3]} 22. Nc5 Nf6 23. Nd3 (23. gxh4 $11 {remains equal.} g6 24. h3) 23... Ne4 (23... hxg3 $17 24. hxg3 Bxg3) 24. Nc5 $11 Nf6 25. Qc2 g6 26. Rab2 hxg3 27. hxg3 Qc7 28. Nd3 b5 (28... Qe7 $11) 29. Rc1 $14 Rac8 30. Qe2 (30. Bh3 $14) 30... Kg7 31. Rbc2 {next axb5 is good for White.} Qd7 32. Qf1 Rh8 33. Qe2 Ng4 34. Bf3 Nh2 35. Bg2 Ng4 ({Reject} 35... bxa4 $6 36. Ra2 $16) 36. e4 (36. axb5 {is more complex.} axb5 37. Bf3 Nf6 38. Ne5 Qf5 39. Nxc6 Qe6 40. Ne5) 36... dxe4 37. Qxe4 {[%cal Rc2c6]} bxa4 38. Rxc6 Rxc6 39. Rxc6 ({Only move:} 39. Qxc6 $11 Qf5 40. Qxd6 Qxd3 41. Qf4) 39... Nf6 (39... a5 $1 $15 40. bxa5 a3) 40. Qf3 a5 41. Nc5 (41. bxa5 $11 a3 42. Ne5) 41... Qe7 $15 {White must now prevent ...a3.} 42. bxa5 (42. Nxa4 $15 axb4 43. Bf1) 42... a3 $1 $17 {[%cal Ba4a3,Ba3a2][%mdl 32] [#] Hoping for ...Bxc5.} 43. Rxd6 $2 {[%mdl 8192]} (43. Nb3 $17) 43... a2 $19 44. Qd1 Qxd6 45. Qa1 Rb8 {( -> ...Rb1+)} 46. Qxa2 Qxd4 47. Qc2 Rb2 48. Nb3 Qe5 (48... Rxc2 $2 49. Nxd4 Ra2 50. Nc6 $19) 49. Qd1 Ra2 $2 (49... Qf5 50. Qd4 Rxb3) 50. Bf3 $2 (50. Qd4 Qxd4 51. Nxd4) 50... Qc3 51. Kg2 {[#]} Qe3 {Played: Qc3-b2} 0-1

[Event "IMSA Blitz Men 2019"]
[Site "Hengshui"]
[Date "2019.05.17"]
[Round "4.1"]
[White "Dominguez Perez, Leinier"]
[Black "Andreikin, Dmitry"]
[Result "1/2-1/2"]
[WhiteElo "2750"]
[BlackElo "2722"]
[Annotator "TA"]
[PlyCount "86"]
[EventDate "2019.05.17"]
[EventType "blitz"]
[EventCountry "CHN"]
[SourceTitle "playchess.com"]
[Source "ChessBase"]
[SourceQuality "1"]

{[%evp 10,86,20,10,10,10,9,6,25,22,20,16,18,16,22,12,14,12,18,30,49,47,54,47,69,72,76,52,62,68,125,108,124,96,89,74,89,56,90,85,86,88,75,74,110,48,45,59,30,0,0,0,0,0,7,-50,-33,-117,-112,-122,231,-168,-10,0,187,-164,-172,-158,-154,-174,-173,-172,-160,-416,0,0,0,-332,0]} 1. e4 e5 2. Nf3 Nc6 3. Bc4 Bc5 4. c3 Nf6 5. d3 d6 6. Nbd2 a5 {C54: Giuoco Piano: 4 c3 Nf6, main lines with 5 d4 and 5 d3} 7. O-O O-O 8. h3 h6 {The position is equal.} 9. Re1 Ba7 10. Nf1 Be6 11. Bb5 Ne7 12. Ng3 c6 13. Ba4 Ng6 14. Bc2 {[#]} Qc8 $146 ({Predecessor:} 14... Qc7 15. d4 {1-0 (36) Karjakin,S (2769)-Tomashevsky,E (2728) Wijk aan Zee 2016}) 15. d4 Re8 16. Be3 b5 17. Qd2 Qc7 18. Nf5 Bxf5 19. exf5 Nf8 (19... Nf4 $14) 20. Bxh6 $1 $16 N8h7 (20... gxh6 $2 21. Qxh6 Qe7 22. dxe5 $18) 21. dxe5 dxe5 {Hoping for ...Rad8.} 22. Be3 Rad8 23. Qe2 Bxe3 24. Qxe3 Nd5 25. Qe4 Nhf6 26. Qh4 b4 27. Ng5 (27. cxb4 $16 Rb8 28. a3) 27... bxc3 $14 28. bxc3 Nxc3 29. Bb3 Rd4 $36 {[%mdl 2048] Black fights for an advantage.} 30. Qg3 Ncd5 31. Rac1 Qd6 32. Nf3 ({White should try} 32. Bc2 $11) 32... Rf4 $15 33. Rcd1 ({White should play} 33. Rc4 $15) 33... Ne4 $17 (33... Rxf5 34. Rd4 $15) 34. Qh2 Nec3 $2 {[%mdl 8192]} (34... Qb8 $17 35. Bxd5 cxd5 36. Rxd5 Qb6) 35. Rd2 $4 {[%mdl 8192]} (35. Bxd5 $18 {and life is good for White.} Nxd1 36. Qxf4 $1 {[%mdl 576] Pin} Qxd5 37. Qc1 (37. Rxe5 Rxe5 38. Qxe5 Qxe5 $16) (37. Nxe5 f6 $11)) 35... Qf6 $2 ({Much less strong is} 35... Rxf5 36. Qg3 $15) (35... Qb4 $1 $19 {And now ...Rxf3! would win.} 36. f6 gxf6 37. Bxd5 Nxd5) 36. Bxd5 $1 $11 cxd5 $2 {[#]} (36... Nxd5 $11 37. Rde2 e4) 37. Rxe5 $4 {[%mdl 8192]} (37. Qxf4 $1 $18 {[%mdl 512] was the only winning move.} exf4 38. Rxe8+ Kh7 39. Rd3) 37... Rxe5 $19 38. Qxf4 Ne2+ 39. Rxe2 Rxe2 40. Qb8+ Kh7 41. Qf4 $2 (41. g4 $17 Qe7 42. Qa8) 41... Kg8 42. Qb8+ Kh7 43. Qf4 $1 {[#] aiming for Ng5+.} Kg8 $2 {Accuracy: White = 54%, Black = 40%.} ({Better is} 43... Qb6 $1 $19 44. Ne5 Qc7 45. Qh4+ Kg8) 1/2-1/2